00746aam a2200277 450000500170000000800410001702000150005804100080007304100080008108200170008910000270010624500870013326000150022026000100023526000090024530000180025450500260027265000140029865000180031265000150033065000360034565000280038194200120040999900150042195200320043620240716085936.0150713b2003 CR ||||| |||| 00| 0 spa d a9968702897 aESP aING a582.16 H288a aHarman, Patrick928357 aArboles del Parque Nacional Manuel Antonio = Trees of Manual Antonio National Park aCosta Rica bINBio c2003 a400 páginas aIncluye ilustraciones aÁRBOLES aBIODIVERSIDAD aPUNTARENAS aPARQUE NACIONAL MANUEL ANTONIO aPLANTAS DE COSTA RICA cBK2ddc c1686d1686 o582.16 H288ap10900xTUyBK